Online Catalogue and eLibrary

Udarata sanskruthika abhimanaya (Record no. 5221)

MARC details
000 -LEADER
fixed length control field 00481nam a2200157Ia 4500
005 - DATE AND TIME OF LATEST TRANSACTION
control field 20250613032436.0
008 - FIXED-LENGTH DATA ELEMENTS--GENERAL INFORMATION
fixed length control field 240331s9999 xx 000 0 und d
020 ## - INTERNATIONAL STANDARD BOOK NUMBER
ISBN 9552093333
082 ## - DDC Classification
Item Number - Author Mark ULL
Class No. 306
100 ## - MAIN ENTRY--PERSONAL NAME
Personal name Ullishewa,P
245 #0 - TITLE STATEMENT
Title Udarata sanskruthika abhimanaya
260 ## - PUBLICATION, DISTRIBUTION, ETC.
Place of publication, distribution, etc. Colombo
Name of publisher, distributor, etc. S. Godage & Brothers
Date of publication, distribution, etc. 2008
300 ## - PHYSICAL DESCRIPTION
Extent (e.g. Volumes, Pages etc.) XXiii, 239 p .,
500 ## - GENERAL NOTE
General note In this Book, Tried to Explain the pride of the upcountry regions among lower class and upper class
942 ## - Koha item type (Biblio)
Koha item type Books in Stacks (Lending)
Holdings
Lost status Damaged status Collection code Home library Current library Shelving location Date acquired Full call number Accession Number Item type
    Lending WERC Library WERC Library Social Science Cupboard 03/31/2024 306 ULL 6335 Books in Stacks (Lending)

© WERC Library